| 000 | 00851cas a22002175a 4500 | ||
|---|---|---|---|
| 001 | L157542 | ||
| 008 | 130115n xxk i eng u | ||
| 035 | _a(Sirsi) u157542 | ||
| 041 | 0 | _aeng | |
| 110 | 2 |
_aRoyal Institution of Chartered Surveyors _94900 |
|
| 240 | _aRules and Syllabus for the Scottish Professional Examinations | ||
| 245 | 0 | 0 |
_aRules and Syllabus to the Professional Examinations _bScottish Syllabus |
| 260 |
_aLondon _bRICS _c[19-?]-[19-?] |
||
| 362 | 0 | _aLondon: 1939-1978 | |
| 520 | _aFrom c. 1955, separate booklets were published for different practice areas, e.g. quantity surveying, general practice etc. | ||
| 520 | _aSome copies of syllabuses are also shelved individually in the RICS publications run. | ||
| 554 | _aIrregular | ||
| 651 | 4 |
_aEngland and Wales _y1543- |
|
| 690 | _aBusiness and management | ||
| 942 | _n0 | ||
| 999 |
_c119384 _d119384 |
||